00176nam a2200061 4500020001500000245003500015260006400050 a0878270043 aNow You Know: Animal Coverings aUSAbEncyclopaedia Britannica Educational Corporationc1972